Avances y obstáculos del proceso de pacificación y democratización en la región y Nicaragua /

Guardado en:
Bibliografiske detaljer
Hovedforfatter: Ferrey, Azucena
Format: Texto
Tags: Tilføj Tag
Ingen Tags, Vær først til at tagge denne postø!

MARC

LEADER 00000 a a2200000 04500
001 48097
003
040
100 |a Ferrey, Azucena  
245 |a Avances y obstáculos del proceso de pacificación y democratización en la región y Nicaragua /  |c Azucena Ferrey  
773 |g número42, (mayo-junio, 1996), páginas 22-26  
999 |c 19681  |d 19681